India 2012: (Record no. 68815)
[ view plain ]
| 000 -LEADER | |
|---|---|
| fixed length control field | 00954nam a22002177a 4500 |
| 005 - DATE AND TIME OF LATEST TRANSACTION | |
| control field | 2012080100180.0 |
| 010 ## - LCCN (DPL NO) | |
| LC control number | B-475599 |
| 020 ## - INTERNATIONAL STANDARD BOOK NUMBER | |
| International Standard Book Number | 9788123017679 |
| Terms of availability | 345.00 |
| 035 ## - SYSTEM CONTROL NUMBER | |
| System control number | B-475599 |
| 037 ## - SOURCE OF ACQUISITION | |
| Stock number | dpl |
| Source of stock number/acquisition | RBC/Ven |
| 082 ## - DEWEY DECIMAL CLASSIFICATION NUMBER | |
| Classification number | 954 |
| 245 ## - TITLE STATEMENT | |
| Title | India 2012: |
| Remainder of title | a reference annual / |
| Statement of responsibility, etc | compiled and edited by Research, Reference and Training Division |
| 260 ## - PUBLICATION, DISTRIBUTION, ETC. (IMPRINT) | |
| Place of publication, distribution, etc | New Delhi |
| Name of publisher, distributor, etc | Publication Division |
| Date of publication, distribution, etc | 2012 |
| 270 ## - ADDRESS | |
| Address | Ministry of Information and Broadcasting, Govt. of India, Soochna Bhawan, CGO Complex Lodhi Road, |
| City | New Delhi |
| Postal code | 110003 |
| Electronic mail address | dpd@mail.nic.in |
| 300 ## - PHYSICAL DESCRIPTION | |
| Extent | 1401p. |
| Dimensions | 24cm. (pbk) |
| 700 ## - ADDED ENTRY--PERSONAL NAME | |
| Personal name | Srivastava, Dayawanti |
| 9 (RLIN) | 50666 |
| 700 ## - ADDED ENTRY--PERSONAL NAME | |
| Personal name | Bhatt, Rajendra |
| 9 (RLIN) | 50667 |
| 942 ## - ADDED ENTRY ELEMENTS (KOHA) | |
| Source of classification or shelving scheme | Dewey Decimal Classification |
| Item type | English Books |
| Call number suffix | IND |
| Classification part | 954 |
| Withdrawn status | Lost status | Not for loan | Collection code | Home library | Current library | Date acquired | Source of acquisition | Cost, normal purchase price | Full call number | Barcode | Copy number | Cost, replacement price | Koha item type |
|---|---|---|---|---|---|---|---|---|---|---|---|---|---|
| Not For Loan | Reference | Central Library | Central Library | 06/08/2012 | RBC/28330/23.03.2012/7/22.02.2012/30.3.2012 | 345.00 | 954 IND | B-475599 | 1 | 345.00 | English Books |
